000 00288nam a22001337a 4500
008 170612b xxu||||| |||| 00| 0 eng d
020 _a9780072514612
041 _aeng
080 _24TH
_a32
100 _a19
101 _aSHP
245 _aWORLD POLITICS
_cROURKE,J.T
942 _2udc
_cBK
999 _c16827
_d16827